000 00514cam a22002172a 4500
001 018767
003 AR-FADEU
008 311216n2004####xxu####################dd
020 _a84-208-4323-80
092 _a301
_bH315-7
100 _aHarris, Marvin
245 _aIntroducción a la antropología general
250 _a7a. ed
260 _aMadrid
260 _bAlianza
260 _c2004
300 _a717 p. : il., fot
500 _aIncluye bibliografía
650 _aANTROPOLOGIA
942 _cBDGR
999 _c24497
_d24497